African-Americanization of the black diaspora in globalization or the contemporary capitalist world-system (Record no. 9189)
[ view plain ]
| 000 -LEADER | |
|---|---|
| fixed length control field | 00696nam a2200205Ia 4500 |
| 020 ## - INTERNATIONAL STANDARD BOOK NUMBER | |
| ISBN | 9780761867210 |
| 082 ## - DEWEY DECIMAL CLASSIFICATION NUMBER | |
| Classification number | 305.80973 MOC-A |
| 100 ## - MAIN ENTRY--AUTHOR NAME | |
| Personal name | Mocombe, Paul C. |
| 245 #0 - TITLE STATEMENT | |
| Title | African-Americanization of the black diaspora in globalization or the contemporary capitalist world-system |
| 260 ## - PUBLICATION, DISTRIBUTION, ETC. (IMPRINT) | |
| Place of publication | Lanham |
| Name of publisher | University Press of America |
| Year of publication | 2017 |
| 300 ## - PHYSICAL DESCRIPTION | |
| Number of Pages | v, 140p |
| 504 ## - BIBLIOGRAPHY, ETC. NOTE | |
| Bibliography, etc | includes references and index |
| 650 ## - SUBJECT ADDED ENTRY--TOPICAL TERM | |
| Topical Term | America |
| Form subdivision | Black diaspora |
| 650 ## - SUBJECT ADDED ENTRY--TOPICAL TERM | |
| Topical Term | Globalization |
| Form subdivision | Capitalism |
| Geographic subdivision | Africa |
| -- | America |
| 650 ## - SUBJECT ADDED ENTRY--TOPICAL TERM | |
| Topical Term | Constitution of America |
| Form subdivision | Black diaspora |
| 650 ## - SUBJECT ADDED ENTRY--TOPICAL TERM | |
| Topical Term | Black diaspora |
| Form subdivision | Modern society |
| Geographic subdivision | America |
| 700 ## - ADDED ENTRY--PERSONAL NAME | |
| Personal name | Callender, Christine |
| 700 ## - ADDED ENTRY--PERSONAL NAME | |
| Personal name | Tomlin, Carol |
| 942 ## - ADDED ENTRY ELEMENTS (KOHA) | |
| Koha item type | Books |
| Withdrawn status | Lost status | Damaged status | Not for loan | Home library | Current library | Date acquired | Source of acquisition | Bill Date | Full call number | Accession Number | Price effective from | Koha item type |
|---|---|---|---|---|---|---|---|---|---|---|---|---|
| NASSDOC Library | NASSDOC Library | 23/03/2018 | OP | 2018-02-28 | 305.80973 MOC-A | 49710 | 18/04/2019 | Books |
